Least Guessed Indian States - Statistics

General Stats
  • This quiz has been taken 6 times
  • The average score is 6 of 10
Answer Stats
Guessed (%) State/union territory % Correct
49 Manipur
100%
51 Mizoram
100%
35 Lakshadweep
67%
51 Chhattisgarh
50%
52 Jharkhand
50%
46 Puducherry
50%
46 Tripura
50%
40 Dadra and Nagar Haveli and Daman and Diu
33%
48 Meghalaya
33%
37 Chandigarh
17%
No matching quizzes found
Score Distribution
Percent of People with Each Score
Percentile by Number Answered
Your Score History
You have not taken this quiz